| 000 | 02260nam a2200361 a 4500 | ||
|---|---|---|---|
| 001 | ebr10671327 | ||
| 003 | CaPaEBR | ||
| 006 | m u | ||
| 007 | cr cn||||||||| | ||
| 008 | 101022s2011 nyuad sb 001 0 eng d | ||
| 010 | _z 2010044750 | ||
| 020 | _z9781611228229 (hardcover : alk. paper) | ||
| 020 | _z9781613244050 (e-book) | ||
| 040 |
_aCaPaEBR _cCaPaEBR |
||
| 035 | _a(OCoLC)744635301 | ||
| 050 | 1 | 4 |
_aP99.5 _b.F76 2011eb |
| 082 | 0 | 4 |
_a302.2 _222 |
| 245 | 0 | 0 |
_aFrom infancy to the elderly _h[electronic resource] : _bcommunication throughout the ages / _cMelanie J. Durkin, editor. |
| 260 |
_aHauppauge, N.Y. : _bNova Science Publishers, _cc2011. |
||
| 300 |
_axi, 155 p. : _bill. (some col.). |
||
| 490 | 1 | _aAging issues, health and financial alternatives | |
| 504 | _aIncludes bibliographical references and index. | ||
| 505 | 0 | _aSound spectrographic cry analysis and mothers perception of their infant's crying / Katarina Michelsson, Helena Todd de Barra and Oliver Michelsson -- The role of symbolic play in early literacy development / Ljubica Marjanovi�e Umek and Urika Fekonja Peklaj -- Aging and the use of electronic speech generating devices in the hospital setting / Mary Beth Happ, Tricia Roesch, Sarah H. Kagan, Kathryn L. Garrett and Nedra Farkas -- Unheard emotions and unseen depression : improving caregiver awareness of dementia patients' affects / Carol Magai, Kyle Arnold, David Gomberg and Carl I. Cohen -- Assessing the end-of-life-care educational needs of elderly deaf persons : lessons on language and culture for researchers and health practitioners / Barbara Allen, Nancy Meyers, John Sullivan and Melissa Sullivan. | |
| 533 |
_aElectronic reproduction. _bPalo Alto, Calif. : _cebrary, _d2013. _nAvailable via World Wide Web. _nAccess may be limited to ebrary affiliated libraries. |
||
| 650 | 0 | _aNonverbal communication. | |
| 650 | 0 | _aCommunication and culture. | |
| 650 | 0 | _aCommunication. | |
| 655 | 7 |
_aElectronic books. _2local |
|
| 700 | 1 | _aDurkin, Melanie J. | |
| 710 | 2 | _aebrary, Inc. | |
| 830 | 0 | _aAging issues, health and financial alternatives series. | |
| 856 | 4 | 0 |
_uhttp://site.ebrary.com/lib/rucke/Doc?id=10671327 _zAn electronic book accessible through the World Wide Web; click to view |
| 999 |
_c62427 _d62427 |
||